Introductory and intermediate algebra/ (Record no. 3793)

MARC details
000 -LEADER
fixed length control field 01300cam a2200325 a 4500
001 - CONTROL NUMBER
control field 15312870
003 - CONTROL NUMBER IDENTIFIER
control field 20170113102909.0
005 - DATE AND TIME OF LATEST TRANSACTION
control field 20240606080922.0
008 - FIXED-LENGTH DATA ELEMENTS--GENERAL INFORMATION
fixed length control field 080602s2010 maua 000 0 eng
010 ## - LIBRARY OF CONGRESS CONTROL NUMBER
LC control number 2008024478
020 ## - INTERNATIONAL STANDARD BOOK NUMBER
International Standard Book Number 9780321575692 (student edition)
020 ## - INTERNATIONAL STANDARD BOOK NUMBER
International Standard Book Number 0321575695 (student edition)
020 ## - INTERNATIONAL STANDARD BOOK NUMBER
International Standard Book Number 9780321576057 (annotated instructor's edition)
020 ## - INTERNATIONAL STANDARD BOOK NUMBER
International Standard Book Number 0321576055 (annotated instructor's edition)
040 ## - CATALOGING SOURCE
Original cataloging agency DLC
Transcribing agency DLC
Modifying agency DLC
050 00 - LIBRARY OF CONGRESS CALL NUMBER
Classification number QA152.3
Item number .L56 2010
082 00 - DEWEY DECIMAL CLASSIFICATION NUMBER
Classification number 512.9
Edition information 22
100 1# - MAIN ENTRY--PERSONAL NAME
Personal name Lial, Margaret L.
245 10 - TITLE STATEMENT
Title Introductory and intermediate algebra/
Remainder of title Margaret L. Lial, John Hornsby, Terry McGinnis.
250 ## - EDITION STATEMENT
Edition statement 4th ed.
260 ## - PUBLICATION, DISTRIBUTION, ETC.
Place of publication, distribution, etc. Boston, MA :
Name of publisher, distributor, etc. Pearson Education,
Date of publication, distribution, etc. 2010.
300 ## - PHYSICAL DESCRIPTION
Extent xviii, 1010 p. :
Other physical details ill. (some col.) ;
Dimensions 28 cm.+
Accompanying material 2 CD-ROMs (4 3/4 in.)
650 #0 - SUBJECT ADDED ENTRY--TOPICAL TERM
Topical term or geographic name entry element Algebra
Form subdivision Textbooks.
700 1# - ADDED ENTRY--PERSONAL NAME
Personal name Hornsby, John,
Dates associated with a name 1949-
700 1# - ADDED ENTRY--PERSONAL NAME
Personal name McGinnis, Terry.
856 41 - ELECTRONIC LOCATION AND ACCESS
Materials specified Table of contents only
Uniform Resource Identifier <a href="http://www.loc.gov/catdir/toc/ecip0820/2008024478.html">http://www.loc.gov/catdir/toc/ecip0820/2008024478.html</a>
906 ## - LOCAL DATA ELEMENT F, LDF (RLIN)
a 7
b cbc
c orignew
d 1
e ecip
f 20
g y-gencatlg
942 ## - ADDED ENTRY ELEMENTS (KOHA)
Source of classification or shelving scheme Library of Congress Classification
Koha item type Books
Holdings
Withdrawn status Lost status Source of classification or shelving scheme Damaged status Not for loan Home library Current library Date acquired Total checkouts Full call number Barcode Date last seen Price effective from Koha item type
    Library of Congress Classification     Murang'a University of Technology Library Murang'a University of Technology Library 13/01/2017   QA152.3 .L56 2010 003949 13/01/2017 13/01/2017 Books